00337nam a2200133Ia 4500008004100000020001500041041001200056082001600068100001600084245005000100260003000150300000800180650001500188221030s9999 xx 000 0 und d a8185749469 aEnglish a105.23bKum aD. S. Kumar 0aThermal Scinece & Engineeringcby D. S. Kumar bS.K. KatariaaIndiac2002 a456 aMechanical